000
00386nam a22001577a 4500
003
MPLRDC
005
20220104144028.0
008
210129b ||||| |||| 00| 0 eng d
082
_a
784.28 HIL-5 v.1
100
_a
卢德威
245
_a
拿破仑传, 上
_c
高语和 译
260
_a
_b
中华出版社
_c
300
_b
平
650
_a
法国传记
942
_c
BK
_o
784.28 HIL-5 v.1
999
_c
45685
_d
45675